000 00877nam a2200265 i 4500
001 000030368
003 DO-SdBNP
005 20251113125551.0
007 ta
008 110511s1986 dr 000 0 spa d
040 _aDO-SdBNP
_bspa
_cBNPHU
_erda
041 _aspa
082 _axxx
_bP969
_222
245 0 0 _aProyecto de estatuto organico :
_bPresentado por el consejo al Claustro Universitario, 1986.
264 _aSanto Domingo :
_bUniversitaria - UASD,
_c1986.
300 _a55 páginas : ;
_c21 cm.
336 _ardacontent
_btexto
_2txt
337 _ardamedia
_bsin mediación
_2n
338 _ardacarrier
_bvolumen
_2nc
490 1 _aPublicaciones de la Universidad Autónoma de Santo Domingo
_vv. 529
590 _aInventariado, 2024/DG
830 0 _aPublicaciones de la Universidad Autónoma de Santo Domingo
_nno. 529
_957013
910 _aDG
942 _2ddc
_cLBS1
999 _c29860
_d29860